000 01281nmm a2200361 a 4500
001 ocm0002015666
003 TR-IsHL
005 20201028180310.0
008 181207s2013 tu tur
007 cr cn
020 _a9786055675684
035 _a2015666
_b(N$T)
050 0 4 _aCT104
_b.K5419 2013
090 0 4 _aCT104
_b.K5419 2013
100 1 _aKidder, David S.
245 1 0 _aEntelektüelin kutsal kitabı: biyografiler
_h[electronic resource] /
_cDavid S. Kidder ; Noah D. Oppenheim; çevirmen Egemen Yılgür ; yayına hazırlayan: Tahir Malkoç ; editör: Fulya Özkan
250 _a1. Baskı
260 _aİstanbul :
_bMaya Kitap,
_c2013
300 _a374 p.
500 _aEserin özgün adı: The intellectual devotional modern culture.
650 4 _aDil ve Edebiyat
650 4 _aLanguage and Literature
650 0 _aBiyografi
650 0 _aBiography
650 0 _aEntelektüel hayat
_x Derleme
650 0 _aCivilization, Modern
_x Miscellanea
650 7 _aBIOGRAPHY & AUTOBIOGRAPHY / Philosophers
_2bisacsh
700 1 _aOppenheim, Noah D.
700 1 _aYılgür, Egemen
700 1 _aMalkoç, Tahir
700 1 _aÖzkan, Fulya
856 4 0 _uhttp://search.ebscohost.com/login.aspx?direct=true&scope=site&db=e011xww&AN=2015666
999 _c19075
_d19075